| 000 | 004330000a22001810004500 | ||
|---|---|---|---|
| 003 | MACL | ||
| 005 | 20160109122043.0 | ||
| 008 | 160109b xxu||||| |||| 00| 0 eng d | ||
| 040 |
_aMACL _cMACL |
||
| 041 | _aEnglish | ||
| 082 | _a920/PUR | ||
| 100 |
_aPuri, Geeta _930244 |
||
| 245 | _aBharatiya jana Sangh | ||
| 260 |
_bSterling Publishing _aNew Delhi |
||
| 350 | _a90 | ||
| 650 |
_aBiography _930245 |
||
| 942 |
_cBK _k920/Pur _2ddc |
||
| 999 |
_c33876 _d33876 |
||